Kyjevská Rus dějiny, kultura, společnost

Bibliographic Details
Main Author: Téra, Michal, 1976- (Author)
Format: Book
Language:Czech
PhysicalDescription:721 strán ilustrácie, faksimile, mapy 25 cm
Published: Červený Kostelec Pavel Mervart 2019
ISBN:9788074654138
Series:Russia Altera
Subjects:

MARC

LEADER 00000cam a2200000 4500
001 vtls011972174
003 SK-MaSNL
005 20260301053249.0
008 200605s2019 xr hoabgrn 011 0 cze
020 |a 9788074654138  |q (viazané) 
040 |a SNK  |b slo  |c SNK  |e rda 
041 0 |a cze  |b eng  |b rus 
043 |a e-un--- 
044 |a xr  |c CZ 
072 7 |a 94(47)  |x Dejiny krajín východnej Európy  |2 konspekt 
080 |a 316.72/.75  |2 2011 
080 |a 316.7:32  |2 2011 
080 |a 930.85  |2 2011 
080 |a 94(477)  |2 2011 
080 |a (477)  |2 2011 
080 |a (048.8)  |2 2011 
100 1 |a Téra, Michal,  |d 1976-  |4 aut  |9 124934 
245 1 0 |a Kyjevská Rus  |b dějiny, kultura, společnost  |c Michal Téra 
264 1 |a Červený Kostelec  |b Pavel Mervart  |c 2019 
300 |a 721 strán  |b ilustrácie, faksimile, mapy  |c 25 cm 
336 |a text  |b txt  |2 rdacontent 
337 |a bez média  |b n  |2 rdamedia 
338 |a zväzok  |b nc  |2 rdacarrier 
490 1 |a Russia Altera  |v svazek 34 
504 |a Bibliografia na strane 645-681 ; bibliografické odkazy ; registre 
546 |a Anglické a ruské resumé 
648 7 |a 9.-13. storočie  |2 SNKPH  |9 363444 
650 0 7 |a kultúra a spoločnosť  |2 SNKPH  |9 4083 
650 0 7 |a kultúra a politika  |2 SNKPH  |9 66599 
650 0 7 |a kultúrne dejiny  |2 SNKPH  |9 4307 
650 0 7 |a Culture and society  |2 SNKPHeng  |9 265089 
650 0 7 |a Culture and politics  |2 SNKPHeng  |9 302696 
650 0 7 |a Cultural history  |2 SNKPHeng  |9 267439 
651 7 |a Kyjevská Rus  |x dejiny  |2 SNKPHgeo  |9 363445 
651 7 |a Kievan Rus  |x history  |2 SNKPHeng  |9 363446 
655 7 |a monografie  |2 SNKPH  |9 70139 
655 7 |a Monographs  |2 SNKPHeng  |9 120675 
830 0 |a Russia Altera  |9 329613 
919 |a 978-80-7465-413-8 
958 |a CZ 
958 |a NB 
999 |c 607914  |d 609844 
952 |t snkTER 94(47)  |a SNKUST  |b SNKUST  |y PREZ  |7 0  |p 17A1430107  |o snkIC 145346  |i snk2020/15478  |8 3  |g 25.01  |0 0  |1 0  |4 0  |d 2020-09-04  |l 0  |r 2025-04-30 00:00:00  |w 2026-02-23